Southville International School and Colleges
Your cart is empty.
  • Cart
  • Lists
    Public lists Eva Luna New books Lux_list list_1
    Your lists Log in to create your own lists
  • Log in to your account
  • Your cookies
  • Search history
Southville International School and Colleges
  • Advanced search
  • Recent comments
  • Most popular
  • Libraries

Log in to your account

Log in with GOOGLE


If you do not have an external account, but do have a local account, you can still log in:

  1. Home
  2. MARC view: Inside your outside /
Normal view MARC view ISBD view

Inside your outside / (Record no. 114540)

[ view plain ]
MARC details
000 -LEADER
fixed length control field 00619nam a2200181 a 4500
005 - DATE AND TIME OF LATEST TRANSACTION
control field 20140414132104.0
008 - FIXED-LENGTH DATA ELEMENTS--GENERAL INFORMATION
fixed length control field 100731s19uu xx 00 eng d
020 ## - INTERNATIONAL STANDARD BOOK NUMBER
International Standard Book Number 0-375-81100-1
050 ## - LIBRARY OF CONGRESS CALL NUMBER
Classification number TR 611
Item number R11 2003
100 ## - MAIN ENTRY--PERSONAL NAME
Personal name Rabe, Tish
245 ## - TITLE STATEMENT
Title Inside your outside /
Statement of responsibility, etc by Tish Rabe ; illustrated by Aristides Ruiz.
260 ## - PUBLICATION, DISTRIBUTION, ETC. (IMPRINT)
Place of publication, distribution, etc New York :
Name of publisher, distributor, etc Random House,
Date of publication, distribution, etc 2003.
440 ## - SERIES STATEMENT/ADDED ENTRY--TITLE
Title The Cat in the Hat's learning library
520 ## - SUMMARY, ETC.
Summary, etc The Cat in the Hat takes Sally and Dick on a trip in his Inside-Your-Outside Machine
650 ## - SUBJECT ADDED ENTRY--TOPICAL TERM
Topical term or geographic name as entry element Human anatomy
General subdivision Juvenile literature
650 ## - SUBJECT ADDED ENTRY--TOPICAL TERM
Topical term or geographic name as entry element Body, Human
Holdings
Withdrawn status Lost status Damaged status Use restrictions Home library Current library Shelving location Date acquired Source of acquisition Cost, normal purchase price Total Checkouts Full call number Barcode Date last seen Price effective from Koha item type
        Munich Library Munich Library Teachers Reference Section 07/31/2010   379.00   TR 611 R11 2003 M6391 04/14/2014 04/14/2014 Books

Inside your outside /

APA

Rabe T., . (2003). Inside your outside. New York: Random House.

Chicago

Rabe Tish, . 2003. Inside your outside. New York: Random House.

Harvard

Rabe T., . (2003). Inside your outside. New York: Random House.

MLA

Rabe Tish, . Inside your outside. New York: Random House. 2003.

  • Place hold
  • Print
  • Cite
  • Add to your cart (remove)
  • Save record
    BIBTEX Dublin Core MARCXML MARC (non-Unicode/MARC-8) MARC (Unicode/UTF-8) MARC (Unicode/UTF-8, Standard) MODS (XML) RIS
  • More searches
    Search for this title in:
    Other Libraries (WorldCat) Other Databases (Google Scholar) Online Stores (Bookfinder.com) Open Library (openlibrary.org)

Exporting to Dublin Core...

SOUTHVILLE LIBRARY

Southville International School and Colleges Library

1281 Tropical Ave. Cor. Luxembourg St., BF Homes International, Las Pinas City

Tel. No. 8256374 / 252358 Loc. 117/146

Powered by Koha